00838cam a22002413a 45000010005000000030006000050050017000110080041000280400015000690420007000840500007000911000037000982450094001352600029002295050101002585060030003595160020003896530047004097000032004567000039004888300028005278560041005553585PGUSA20140828083034.0041101s2004||||xxu|||||s|||||000 e eng d aPGUSAbeng adc 4aPQ1 aMontaigne, Michel de,d1533-159210aEssays of Michel de Montaigne — Volume 05h[electronic resource] /cMichel de Montaigne bProject Gutenberg,c20040 aOf the education of children -- That it is folly to measure truth and error by our own capacity. aPublic domain in the USA. aElectronic text aFrench essays -- Translations into English1 aCotton, Charles,d1630-16871 aHazlitt, William Carew,d1834-1913 0aProject Gutenbergv358540uhttp://www.gutenberg.org/ebooks/3585